[Event "New Zealand Junior Chp"]
[Site "Waitakere"]
[Date "2012.07.03"]
[Round "2.4"]
[White "Zhan, Judd"]
[Black "Tsoi, Nicole"]
[Result "0-1"]
[WhiteElo "1542"]
[BlackElo "1934"]
[PlyCount "112"]
[EventDate "2012.07.06"]
[EventType "swiss"]
[EventRounds "7"]
[EventCountry "NZL"]
[SourceDate "2012.09.09"]

1. e4 e6 2. d4 d5 3. Nc3 Bb4 4. Bd3 Ne7 5. Nge2 c5 6. dxc5 Bxc5 7. exd5 Nxd5 8.
Nxd5 exd5 9. O-O O-O 10. Bf4 Qf6 11. c3 Bf5 12. Be3 Bd6 13. Bd4 Qh6 14. Ng3
Bxd3 15. Qxd3 Nc6 16. Be3 Qe6 17. Rfe1 Rfd8 18. Bb6 Ne5 19. Rxe5 Qxe5 20. Bxd8
Rxd8 21. Qe2 {(=)} f6 22. Re1 Kf8 23. Kf1 Re8 24. Nf5 Qxe2+ 25. Rxe2 Rxe2 26.
Kxe2 Be5 27. Kd3 Kf7 28. g3 g5 29. Ne3 Ke6 30. h3 h5 31. Ng2 f5 32. f4 gxf4 33.
gxf4 Bf6 34. h4 b6 35. Ke3 Kd6 36. Kd3 Ke6 37. b3 b5 38. c4 bxc4+ 39. bxc4 d4
40. Ne1 Bxh4 41. Nf3 Bf2 42. Nxd4+ Bxd4 43. Kxd4 h4 44. Ke3 Kd6 45. Kf3 Kc5 46.
Kg2 Kxc4 47. Kh3 Kd4 48. Kxh4 Ke3 49. Kg3 a5 50. a4 Ke4 51. Kg2 Kxf4 52. Kf2
Ke4 53. Ke2 Kd4 54. Kf3 Kc4 55. Kf4 Kb4 56. Kxf5 Kxa4 0-1

[Event "New Zealand Junior Chp"]
[Site "Waitakere"]
[Date "2012.07.03"]
[Round "2.5"]
[White "Zhang, William Jiewen"]
[Black "Qin, Joy Shu Yan"]
[Result "1/2-1/2"]
[WhiteElo "1864"]
[BlackElo "1485"]
[PlyCount "79"]
[EventDate "2012.07.06"]
[EventType "swiss"]
[EventRounds "7"]
[EventCountry "NZL"]
[SourceDate "2012.09.09"]

1. d4 d5 2. c4 e6 3. Nc3 c5 4. cxd5 exd5 5. Nf3 Nc6 6. g3 h6 7. Bg2 Nf6 8. O-O
Be6 9. a3 Bd6 10. h3 a6 11. Be3 cxd4 12. Nxd4 Nxd4 13. Bxd4 O-O 14. Qd2 Rb8 15.
Bxf6 Qxf6 16. Nxd5 Bxd5 17. Bxd5 Be5 18. Rab1 Rfd8 19. e4 Qg6 20. Kg2 Qxe4+ 21.
Bxe4 Rxd2 22. b3 b6 23. Rbe1 Bc3 24. Re3 Bd4 25. Rd3 Rxd3 26. Bxd3 a5 27. Re1
Bc5 28. a4 Rd8 29. Bc2 Kf8 30. Re2 g6 31. Kf3 Rd4 32. Be4 Rb4 33. Bd5 b5 34.
axb5 Rxb5 35. Bc4 Rb8 36. Re5 Bb4 37. Rd5 Re8 38. Rd7 Re7 39. Rd8+ Re8 40. Rd7
1/2-1/2

[Event "New Zealand Junior Chp"]
[Site "Waitakere"]
[Date "2012.07.03"]
[Round "2.6"]
[White "White, Luke"]
[Black "Ang, Alphaeus Wei Ern"]
[Result "0-1"]
[WhiteElo "1454"]
[BlackElo "1814"]
[PlyCount "82"]
[EventDate "2012.07.06"]
[EventType "swiss"]
[EventRounds "7"]
[EventCountry "NZL"]
[SourceDate "2012.09.09"]

1. e4 Nc6 2. Nf3 d5 3. exd5 Qxd5 4. Nc3 Qd6 5. d4 Bg4 6. Be3 O-O-O 7. Ne2 Bxf3
8. gxf3 e5 9. c3 Nf6 10. Qd2 exd4 11. Nxd4 Nxd4 12. Bxd4 c5 13. Be3 Qc6 14. Qe2
Ng4 15. Bh3 f5 16. Bd2 Re8 17. Be3 Nxe3 18. fxe3 g6 19. O-O-O Bh6 20. Rhe1 Rxe3
21. Qxe3 Bxe3+ 22. Rxe3 Qc7 23. Rd2 Rd8 24. Rde2 Qd6 25. Re1 Qxh2 26. Bf1 Qf4
27. Kc2 Qa4+ 28. Kc1 Qxa2 29. Bd3 f4 30. Re8 c4 31. Rxd8+ Kxd8 32. Be4 Qa6 33.
Rd1+ Ke7 34. Rd4 b5 35. Bd5 g5 36. Re4+ Kf6 37. Re8 Qd6 38. Be4 Qc5 39. Bxh7
Qg1+ 40. Kd2 Qh2+ 41. Kc1 Qxh7 0-1

[Event "New Zealand Junior Chp"]
[Site "Waitakere"]
[Date "2012.07.03"]
[Round "2.7"]
[White "Fan, Allen"]
[Black "James, Jack"]
[Result "1-0"]
[WhiteElo "1429"]
[BlackElo "1764"]
[PlyCount "61"]
[EventDate "2012.07.06"]
[EventType "swiss"]
[EventRounds "7"]
[EventCountry "NZL"]
[SourceDate "2012.09.09"]

1. Nf3 d6 2. g3 g6 3. Bg2 Bg7 4. O-O f5 5. d3 Nf6 6. Ng5 c6 7. c4 h6 8. Nh3 e5
9. f4 Qc7 10. e4 fxe4 11. dxe4 Bxh3 12. Bxh3 Nxe4 13. Qc2 d5 14. cxd5 Qb6+ 15.
Kh1 cxd5 16. Bg2 O-O 17. Nc3 Nxc3 18. bxc3 e4 19. Rd1 Qc5 20. Bb2 Rd8 21. Bxe4
Nc6 22. Bxg6 d4 23. cxd4 Qxc2 24. Bxc2 Rac8 25. Bb3+ Kh7 26. Rac1 Na5 27. Bc2+
Kh8 28. Bf5 Rc4 29. Be4 Rxc1 30. Rxc1 Bxd4 31. Rd1 1-0

[Event "New Zealand Junior Chp"]
[Site "Waitakere"]
[Date "2012.07.03"]
[Round "2.8"]
[White "Zhang, Leo"]
[Black "Jiang, Richard"]
[Result "1-0"]
[WhiteElo "1771"]
[BlackElo "1452"]
[PlyCount "97"]
[EventDate "2012.07.06"]
[EventType "swiss"]
[EventRounds "7"]
[EventCountry "NZL"]
[SourceDate "2012.09.09"]

1. e4 c5 2. Nf3 d6 3. d4 cxd4 4. Nxd4 Nf6 5. Nc3 a6 6. Be3 e5 7. Nb3 Be6 8. f3
Be7 9. Qd2 Nc6 10. O-O-O Nd7 11. Nd5 Bxd5 12. exd5 Na7 13. Bd3 O-O 14. Kb1 Nc8
15. Rhe1 Ncb6 16. Bf1 Rc8 17. g3 Nc4 18. Bxc4 Rxc4 19. Rc1 f5 20. f4 e4 21. Nd4
Rf7 22. b3 Rc8 23. Ne6 Qe8 24. c4 Nf8 25. Bd4 Bf6 26. Nxf8 Qxf8 27. Re3 Qd8 28.
g4 Bxd4 29. Qxd4 Qh4 30. gxf5 Qxf4 31. Rxe4 Qxf5 32. Rc2 Qf1+ 33. Kb2 Qf6 34.
Kc3 Qxd4+ 35. Kxd4 Rcf8 36. c5 dxc5+ 37. Rxc5 g5 38. d6 Rd8 39. Rxg5+ Kf8 40.
Kd5 Rfd7 41. Rf4+ Rf7 42. Rxf7+ Kxf7 43. Rf5+ Ke8 44. Re5+ Kf8 45. Re7 Rb8 46.
Rxh7 Kg8 47. Rc7 Kf8 48. d7 Ke7 49. Rc8 1-0

[Event "New Zealand Junior Chp"]
[Site "Waitakere"]
[Date "2012.07.03"]
[Round "2.9"]
[White "Zou, Chris"]
[Black "Jia, Hao"]
[Result "0-1"]
[WhiteElo "1090"]
[BlackElo "1762"]
[PlyCount "58"]
[EventDate "2012.07.06"]
[EventType "swiss"]
[EventRounds "7"]
[EventCountry "NZL"]
[SourceDate "2012.09.09"]

1. e4 c5 2. Nf3 Nc6 3. Nc3 d6 4. Bc4 Nf6 5. O-O e6 6. h3 Be7 7. d3 a6 8. Bf4 b5
9. a3 bxc4 10. dxc4 O-O 11. Nh4 e5 12. Be3 Nd4 13. Qe1 Nxc2 14. Qe2 Nxa1 15.
Qf3 Nc2 16. Bg5 Nd4 17. Qg3 Nh5 18. Nd5 Bxg5 19. Qd3 Bxh4 20. g3 Bxg3 21. fxg3
Nxg3 22. Qxg3 Ne2+ 23. Kh1 Nxg3+ 24. Kg1 Nxf1 25. Kxf1 Bxh3+ 26. Kg1 Qg5+ 27.
Kf2 Qd2+ 28. Kg3 Qg2+ 29. Kh4 Qg4# 0-1

[Event "New Zealand Junior Chp"]
[Site "Waitakere"]
[Date "2012.07.03"]
[Round "2.10"]
[White "Rains, Timothy"]
[Black "Geng, Karen Jingyi"]
[Result "0-1"]
[WhiteElo "1770"]
[BlackElo "1425"]
[PlyCount "110"]
[EventDate "2012.07.06"]
[EventType "swiss"]
[EventRounds "7"]
[EventCountry "NZL"]
[SourceDate "2012.09.09"]

1. d4 f5 2. c4 g6 3. Nc3 Nf6 4. Bf4 Bg7 5. Nf3 d6 6. g3 c6 7. Bg2 Na6 8. O-O
O-O 9. Qc1 Re8 10. Bh6 e5 11. Bxg7 Kxg7 12. dxe5 dxe5 13. Nd2 e4 14. Rd1 Qc7
15. e3 Nb4 16. Nb3 Nd3 17. Qc2 Be6 18. Ne2 Ng4 19. Rf1 Rad8 20. Nbc1 Nge5 21.
Nxd3 Nxd3 22. Rfd1 Qf7 23. Nd4 Kg8 24. b3 Qg7 25. Bf1 Rd7 26. Bxd3 exd3 27. Qb1
Red8 28. Nf3 d2 29. Qc2 f4 30. Nd4 Bh3 31. c5 fxe3 32. fxe3 Rxd4 33. Qc3 R4d7
34. Qc4+ Qf7 35. Qh4 Bf5 36. e4 Be6 37. Rf1 d1=Q 38. Raxd1 Rxd1 39. Qxd8+ Rxd8
40. Rxf7 Kxf7 41. e5 Rd1+ 42. Kf2 Rd2+ 43. Ke3 Rxa2 44. h4 Ra3 45. Kf4 Rxb3 46.
Kg5 a5 47. Kh6 a4 48. g4 a3 49. g5 a2 50. h5 gxh5 51. Kxh7 a1=Q 52. g6+ Ke7 53.
g7 Qxe5 54. g8=Q Bxg8+ 55. Kxg8 Rg3+ 0-1

[Event "New Zealand Junior Chp"]
[Site "Waitakere"]
[Date "2012.07.03"]
[Round "2.11"]
[White "Lam, Byron"]
[Black "Wang, Luke Jintao"]
[Result "1-0"]
[WhiteElo "1783"]
[BlackElo "1283"]
[PlyCount "91"]
[EventDate "2012.07.06"]
[EventType "swiss"]
[EventRounds "7"]
[EventCountry "NZL"]
[SourceDate "2012.09.09"]

1. e4 e6 2. d4 d5 3. Nc3 c5 4. exd5 exd5 5. dxc5 Bxc5 6. Qxd5 Qe7+ 7. Qe4 Bf5
8. Qxe7+ Nxe7 9. Bd3 Bxd3 10. cxd3 Nbc6 11. Be3 Nd4 12. Bxd4 Bxd4 13. Nf3 O-O-O
14. Nxd4 Rxd4 15. O-O-O Rhd8 16. Kc2 Nc6 17. a3 Ne5 18. Nb5 R4d5 19. Nc3 Rxd3
20. Rxd3 Nxd3 21. f3 Nf4 22. g3 Nd5 23. Re1 Nxc3 24. Kxc3 Kd7 25. Re2 Rc8+ 26.
Kd4 Rc6 27. b4 Rd6+ 28. Kc4 a6 29. a4 Rc6+ 30. Kb3 b5 31. axb5 axb5 32. Re5 Re6
33. Rxb5 Re3+ 34. Kc4 Rxf3 35. Rd5+ Kc7 36. Rd2 h5 37. Kc5 Rf5+ 38. Rd5 Rf6 39.
Rxh5 Rc6+ 40. Kb5 g6 41. Rc5 Rxc5+ 42. Kxc5 f5 43. Kd5 g5 44. Ke5 f4 45. gxf4
gxf4 46. Kxf4 1-0

[Event "New Zealand Junior Chp"]
[Site "Waitakere"]
[Date "2012.07.03"]
[Round "2.12"]
[White "Yu, Johnson"]
[Black "Yan, Caroline"]
[Result "0-1"]
[WhiteElo "1297"]
[BlackElo "1056"]
[PlyCount "68"]
[EventDate "2012.07.06"]
[EventType "swiss"]
[EventRounds "7"]
[EventCountry "NZL"]
[SourceDate "2012.09.09"]

1. e4 e6 2. d4 d5 3. exd5 exd5 4. Bd3 Nf6 5. Nc3 Nc6 6. Nge2 Bg4 7. f3 Be6 8.
Bf4 Bb4 9. a3 Bxc3+ 10. Nxc3 Nxd4 11. Bxh7 Nxf3+ 12. Qxf3 Rxh7 13. O-O Qd7 14.
Rad1 O-O-O 15. Bg5 Bg4 16. Qd3 Bxd1 17. Rxd1 Rdh8 18. Bxf6 gxf6 19. Nxd5 Qe6
20. Qc3 c6 21. h3 Rg7 22. Kh1 Rd8 23. Ne3 Rxd1+ 24. Nxd1 Rg8 25. Qa5 Qe2 26.
Qf5+ Qe6 27. Qa5 Rg5 28. Qxa7 c5 29. Qa8+ Kc7 30. Qa5+ Kc6 31. Qd2 Rd5 32. Qc1
Qe1+ 33. Kh2 Rxd1 34. Qf4 Qe5 0-1

[Event "New Zealand Junior Chp"]
[Site "Waitakere"]
[Date "2012.07.03"]
[Round "2.14"]
[White "Tang, Ally"]
[Black "Dong, Olivia"]
[Result "1-0"]
[WhiteElo "984"]
[BlackElo "1250"]
[PlyCount "85"]
[EventDate "2012.07.06"]
[EventType "swiss"]
[EventRounds "7"]
[EventCountry "NZL"]
[SourceDate "2012.09.09"]

1. d4 d5 2. c4 c6 3. Nc3 g6 4. Nf3 Nf6 5. h3 Bg7 6. Bf4 O-O 7. e3 Nbd7 8. Be2
dxc4 9. Bxc4 Nb6 10. Bb3 Nbd5 11. Nxd5 cxd5 12. O-O b6 13. Rc1 Bb7 14. Re1 Rc8
15. Qd3 Ne4 16. Qb5 e6 17. Bc2 Qe7 18. Bxe4 dxe4 19. Nd2 Rfd8 20. Bg5 Rd5 21.
Qxd5 exd5 22. Rxc8+ Bxc8 23. Bxe7 Bb7 24. Rc1 Ba6 25. Rc7 h6 26. Rxa7 Bd3 27.
a4 Be2 28. Rb7 Bf8 29. Rb8 Kg7 30. Bxf8+ Kh7 31. Rxb6 Kg8 32. Bxh6 Kh7 33. Bf4
Bd1 34. a5 Be2 35. b4 f5 36. b5 Kg7 37. a6 Bxb5 38. Rxb5 Kf6 39. a7 Ke6 40.
a8=Q Kf6 41. Rb6+ Kg7 42. Qa7+ Kh8 43. Rb8# 1-0

[Event "New Zealand Junior Chp"]
[Site "Waitakere"]
[Date "2012.07.03"]
[Round "2.15"]
[White "Jin, Sophia"]
[Black "Zhu, Martin"]
[Result "0-1"]
[WhiteElo "977"]
[BlackElo "1220"]
[PlyCount "102"]
[EventDate "2012.07.06"]
[EventType "swiss"]
[EventRounds "7"]
[EventCountry "NZL"]
[SourceDate "2012.09.09"]

1. e4 e6 2. d4 d5 3. e5 c5 4. c3 Nc6 5. Bb5 Bd7 6. Nf3 Qb6 7. Bxc6 Bxc6 8. b3
cxd4 9. cxd4 Bb4+ 10. Bd2 Bxd2+ 11. Qxd2 Bb5 12. Nc3 Ne7 13. Nxb5 Qxb5 14. Rc1
O-O 15. Rc5 Qa6 16. Ra5 Qc6 17. O-O b6 18. Ra3 Rfc8 19. b4 Rc7 20. Rb3 Rac8 21.
Rbb1 b5 22. Rfc1 Qxc1+ 23. Rxc1 Rxc1+ 24. Ne1 R1c4 25. h3 Nc6 26. Nc2 Nxe5 27.
Na3 Rc1+ 28. Kh2 Nd7 29. Nxb5 R1c2 30. Qf4 Rxa2 31. Nd6 Rf8 32. h4 Nf6 33. g4
Ne8 34. Nb5 Nf6 35. h5 Ne4 36. Kg2 Rxf2+ 37. Qxf2 Nxf2 38. Kxf2 Rb8 39. Nxa7
Rxb4 40. Ke3 Rb3+ 41. Kf4 Rd3 42. Nc6 f6 43. Ne7+ Kf7 44. Nc6 Ke8 45. g5 Kd7
46. Nb8+ Kd6 47. gxf6 gxf6 48. h6 Rxd4+ 49. Ke3 Ra4 50. Kd3 Kc7 51. Kc3 Kxb8
0-1

[Event "New Zealand Junior Chp"]
[Site "Waitakere"]
[Date "2012.07.03"]
[Round "2.16"]
[White "Yan, Sarah"]
[Black "Feng, Dahlia"]
[Result "1-0"]
[WhiteElo "1075"]
[BlackElo "1022"]
[PlyCount "103"]
[EventDate "2012.07.06"]
[EventType "swiss"]
[EventRounds "7"]
[EventCountry "NZL"]
[SourceDate "2012.09.09"]

1. e4 e6 2. d4 d5 3. e5 Nc6 4. Nf3 g6 5. Bd3 Bg7 6. O-O Nge7 7. Bg5 O-O 8. Qd2
Re8 9. Bh6 Bh8 10. Qf4 Nf5 11. Bxf5 exf5 12. Qg3 b6 13. c3 Ba6 14. Re1 Bd3 15.
Nbd2 Na5 16. Ng5 Be4 17. Ngxe4 dxe4 18. Nf1 c5 19. Rad1 cxd4 20. cxd4 Nc4 21.
b3 Nb2 22. Rd2 Nd3 23. Red1 Qxd4 24. Bf4 Bxe5 25. Bxe5 Rxe5 26. Ne3 Re7 27.
Nxf5 Qf6 28. Nxe7+ Qxe7 29. Qe3 Rd8 30. Rxd3 Rxd3 31. Rxd3 Qe5 32. Rd4 b5 33.
Qxe4 Qc5 34. Rd1 h5 35. Qf4 Qa3 36. Qh6 Qe7 37. Qe3 Qc7 38. h3 a5 39. Qe8+ Kg7
40. Qxb5 Kh6 41. a3 Kg7 42. Re1 Kh6 43. b4 axb4 44. Qxb4 Kg7 45. a4 Qc6 46. a5
Qa6 47. Qb6 Qxb6 48. axb6 f5 49. b7 g5 50. b8=Q g4 51. hxg4 hxg4 52. Qd6 1-0

[Event "New Zealand Junior Chp"]
[Site "Waitakere"]
[Date "2012.07.03"]
[Round "2.17"]
[White "Fu, Alex"]
[Black "Qian, Bella"]
[Result "0-1"]
[WhiteElo "737"]
[BlackElo "1100"]
[PlyCount "104"]
[EventDate "2012.07.06"]
[EventType "swiss"]
[EventRounds "7"]
[EventCountry "NZL"]
[SourceDate "2012.09.09"]

1. e4 e6 2. d4 d5 3. exd5 exd5 4. Qe2+ Qe7 5. Qxe7+ Bxe7 6. Nf3 Nf6 7. Bg5 Nc6
8. Nc3 Be6 9. Ne5 Nxd4 10. Bd3 h6 11. Bxf6 Bxf6 12. Nf3 Nxf3+ 13. gxf3 O-O 14.
O-O-O d4 15. Ne4 Be5 16. Rhg1 Bxa2 17. Rg2 f5 18. Nc5 Bf4+ 19. Rd2 Bxd2+ 20.
Kxd2 Bd5 21. c4 Bxf3 22. Rg3 Bc6 23. Ne6 Rf7 24. Bxf5 Kh8 25. Bg6 Re7 26. Bf5
Bd7 27. Rg6 Rae8 28. Nxd4 Bxf5 29. Nxf5 Rd7+ 30. Kc3 Kh7 31. Rg4 Re5 32. Ne3 c5
33. b4 cxb4+ 34. Kxb4 b6 35. Nc2 Re2 36. Nd4 Rxf2 37. Nb5 Rxh2 38. Na3 g5 39.
Nb5 Kg6 40. Nd4 Rh4 41. Rxh4 gxh4 42. Nf3 h3 43. Kb5 Kf5 44. Ka6 Kg4 45. Ne5+
Kg3 46. Nxd7 h2 47. Kxa7 h1=Q 48. Nxb6 Qc6 49. Ka6 h5 50. Ka5 h4 51. Kb4 Qxb6+
52. Kc3 h3 0-1

[Event "New Zealand Junior Chp"]
[Site "Waitakere"]
[Date "2012.07.03"]
[Round "2.18"]
[White "Rains, Jessica"]
[Black "Hill, Raymon"]
[Result "1-0"]
[WhiteElo "1127"]
[BlackElo "725"]
[PlyCount "31"]
[EventDate "2012.07.06"]
[EventType "swiss"]
[EventRounds "7"]
[EventCountry "NZL"]
[SourceDate "2012.09.09"]

1. c4 e5 2. Nc3 d6 3. g3 Nf6 4. Bg2 g6 5. Nf3 Bg7 6. O-O Ng4 7. Bh3 h5 8. d3 f6
9. Qb3 b6 10. Ne4 Nd7 11. Bg5 fxg5 12. Nexg5 Nc5 13. Qc2 Bf6 14. d4 Ne6 15.
Qxg6+ Ke7 16. Qf7# 1-0

[Event "New Zealand Junior Chp"]
[Site "Waitakere"]
[Date "2012.07.03"]
[Round "2.19"]
[White "Huang, Nicholas"]
[Black "Hill, Anthony"]
[Result "1-0"]
[WhiteElo "1042"]
[BlackElo "717"]
[PlyCount "31"]
[EventDate "2012.07.06"]
[EventType "swiss"]
[EventRounds "7"]
[EventCountry "NZL"]
[SourceDate "2012.09.09"]

1. d4 d5 2. c4 dxc4 3. e3 Nc6 4. Bxc4 Be6 5. Bxe6 fxe6 6. Nf3 Nf6 7. Nc3 Kf7 8.
Bd2 g6 9. Ng5+ Ke8 10. Nxe6 Qd6 11. d5 Ne5 12. Nb5 Rc8 13. Nxd6+ exd6 14. Qa4+
c6 15. dxc6 bxc6 16. Qxa7 1-0

[Event "New Zealand Junior Chp"]
[Site "Waitakere"]
[Date "2012.07.03"]
[Round "2.20"]
[White "Tang, Tony"]
[Black "Qin, Nicole Shu Yu"]
[Result "0-1"]
[WhiteElo "597"]
[BlackElo "1013"]
[PlyCount "92"]
[EventDate "2012.07.06"]
[EventType "swiss"]
[EventRounds "7"]
[EventCountry "NZL"]
[SourceDate "2012.09.09"]

1. e4 e6 2. d4 d5 3. exd5 exd5 4. Bb5+ c6 5. Bd3 Bd6 6. Nf3 Nf6 7. Nc3 O-O 8.
O-O Re8 9. Re1 Bg4 10. Be2 Qc7 11. h3 Bxf3 12. Bxf3 Nbd7 13. g3 h6 14. Bg2 b5
15. b3 b4 16. Na4 c5 17. dxc5 Bxc5 18. Nxc5 Nxc5 19. Bb2 Rxe1+ 20. Qxe1 Re8 21.
Qd2 Nce4 22. Bxe4 Nxe4 23. Qe2 Qb6 24. Rf1 Re6 25. Qg4 Rg6 26. Qc8+ Kh7 27. Qf5
Nxg3 28. Qxf7 Nxf1+ 29. Kxf1 Qb5+ 30. Ke1 Rg1+ 31. Kd2 Qf1 32. Bxg7 Qd1+ 33.
Ke3 Re1+ 34. Kf4 Re4+ 35. Kg3 Qg1+ 36. Kf3 Qd1+ 37. Kg3 Qg1+ 38. Kf3 Qxg7 39.
Qf5+ Kh8 40. Qc8+ Qg8 41. Qc3+ bxc3 42. a4 Qf7+ 43. Kg3 Qf4+ 44. Kg2 Re2 45. b4
Qxf2+ 46. Kh1 Qe1# 0-1

[Event "New Zealand Junior Chp"]
[Site "Waitakere"]
[Date "2012.07.03"]
[Round "2.21"]
[White "Wang, Tony"]
[Black "Wei, Louie"]
[Result "0-1"]
[WhiteElo "974"]
[BlackElo "583"]
[PlyCount "76"]
[EventDate "2012.07.06"]
[EventType "swiss"]
[EventRounds "7"]
[EventCountry "NZL"]
[SourceDate "2012.09.09"]

1. d4 d5 2. c4 c6 3. Nc3 Nf6 4. Bf4 Bf5 5. e3 h5 6. Be5 Nbd7 7. cxd5 cxd5 8.
Qb3 Nb6 9. Bxf6 exf6 10. Bb5+ Bd7 11. Nxd5 Nxd5 12. Bc4 Bc6 13. e4 Qa5+ 14. Kf1
Nf4 15. Bxf7+ Kd8 16. g3 Qb5+ 17. Qxb5 Bxb5+ 18. Ke1 Nd3+ 19. Ke2 Ne5+ 20. Ke3
Nxf7 21. Nf3 Bc6 22. Rhd1 Kc7 23. Rac1 g6 24. d5 Bh6+ 25. Kd4 Bxc1 26. Rxc1
Rhd8 27. Ke3 Rab8 28. dxc6 bxc6 29. Nd4 Ne5 30. Ne6+ Kd6 31. Nxd8 Rxd8 32. h3
Kc7 33. f4 Nf7 34. f5 gxf5 35. exf5 Rb8 36. b3 Re8+ 37. Kf4 Ng5 38. h4 Re4# 0-1

[Event "New Zealand Junior Chp"]
[Site "Waitakere"]
[Date "2012.07.03"]
[Round "2.22"]
[White "Wen, Victor"]
[Black "Zhang, Jasmine"]
[Result "0-1"]
[WhiteElo "418"]
[BlackElo "1010"]
[PlyCount "92"]
[EventDate "2012.07.06"]
[EventType "swiss"]
[EventRounds "7"]
[EventCountry "NZL"]
[SourceDate "2012.09.09"]

1. d4 d5 2. c4 c6 3. c5 Nf6 4. e3 Bf5 5. Bd3 Bg6 6. Nf3 Nbd7 7. b4 e6 8. Bxg6
hxg6 9. Nc3 Qc7 10. a4 Be7 11. Ba3 b6 12. Qc2 Rc8 13. cxb6 axb6 14. a5 bxa5 15.
Qb3 Rb8 16. Qa4 axb4 17. Rb1 bxa3 18. Rxb8+ Nxb8 19. Kd2 Kd7 20. Ne5+ Ke8 21.
h3 Nfd7 22. Nxd7 Kxd7 23. Kd3 Bd6 24. e4 Kd8 25. e5 Be7 26. Rb1 Kd7 27. Qa8 Rc8
28. Rb7 Qxb7 29. Qxb7+ Kd8 30. Qb6+ Ke8 31. Qb1 Nd7 32. Na4 Ra8 33. Nb6 a2 34.
Qa1 Nxb6 35. Kc2 c5 36. dxc5 Bxc5 37. Kd3 Bxf2 38. g4 Bh4 39. Kd4 f6 40. exf6
Bxf6+ 41. Kc5 Bxa1 42. Kxb6 Bd4+ 43. Kb5 a1=Q 44. g5 Qc1 45. Kb4 Rb8+ 46. Ka5
Qa1# 0-1

[Event "New Zealand Junior Chp"]
[Site "Waitakere"]
[Date "2012.07.04"]
[Round "3.1"]
[White "Ang, Alphaeus Wei Ern"]
[Black "Li, Zuhao Luke"]
[Result "0-1"]
[WhiteElo "1814"]
[BlackElo "2333"]
[PlyCount "182"]
[EventDate "2012.07.06"]
[EventType "swiss"]
[EventRounds "7"]
[EventCountry "NZL"]
[SourceDate "2012.09.09"]

1. d4 Nf6 2. c4 c5 3. d5 b5 4. Qc2 d6 5. e4 g6 6. cxb5 Bg7 7. Nc3 O-O 8. Nf3 a6
9. bxa6 Nbd7 10. h3 Nb6 11. Bf4 Bxa6 12. Bxa6 Rxa6 13. O-O Nfd7 14. Rfe1 Qa8
15. e5 Nxd5 16. Nxd5 Qxd5 17. exd6 exd6 18. Rad1 Qxa2 19. Ra1 Qxa1 20. Rxa1
Rxa1+ 21. Kh2 Ne5 22. Bxe5 dxe5 23. Nd2 Rb8 24. b3 Ra5 25. Qc4 Rab5 26. Ne4 Rb4
27. Qd5 Rd4 28. Qc6 Rxe4 29. Qxe4 Rxb3 30. Qc4 Rb2 31. Qxc5 Bf8 32. Qe3 Rc2 33.
Qb6 h5 34. Qe3 h4 35. Qxe5 Rxf2 36. Qd4 Ra2 37. Qf4 Rb2 38. Qd4 Rb4 39. Qd2 Rb6
40. Qd8 Rb4 41. Qd2 Re4 42. Qd8 Kg7 43. Qd3 Ra4 44. Qc3+ Kg8 45. Qd3 Be7 46.
Qd7 Re4 47. Qc8+ Kg7 48. g4 Re2+ 49. Kg1 Re3 50. Qd7 Bf6 51. Kg2 Rg3+ 52. Kh2
Be5 53. Qd5 f6 54. Qd7+ Kh6 55. Kh1 Rxh3+ 56. Kg2 Rg3+ 57. Kf2 Kg5 58. Qd2+
Kxg4 59. Qd1+ Kg5 60. Qd2+ Kh5 61. Qd1+ Kh6 62. Qd2+ g5 63. Qd8 Rc3 64. Qh8+
Kg6 65. Qg8+ Kf5 66. Qh7+ Kf4 67. Qb1 h3 68. Qb4+ Kf5 69. Qb1+ Kg4 70. Qd1+ Kh4
71. Qa4+ g4 72. Qe4 Kg5 73. Qb7 g3+ 74. Ke2 g2 75. Qg7+ Kf4 76. Qh6+ Kg3 77.
Qg6+ Kh2 78. Qg4 Rg3 79. Qf5 g1=Q 80. Qf4 Qg2+ 81. Qf2 Re3+ 82. Kxe3 Bd4+ 83.
Kxd4 Qxf2+ 84. Kd5 Kg2 85. Ke4 h2 86. Kd5 h1=Q 87. Kd6 Qhe1 88. Kd5 Qfd2+ 89.
Kc4 Qec1+ 90. Kb3 Qdb2+ 91. Ka4 Qca1# 0-1

[Event "New Zealand Junior Chp"]
[Site "Waitakere"]
[Date "2012.07.04"]
[Round "3.2"]
[White "Gao, Hans"]
[Black "Zhang, Leo"]
[Result "1-0"]
[WhiteElo "2189"]
[BlackElo "1771"]
[PlyCount "123"]
[EventDate "2012.07.06"]
[EventType "swiss"]
[EventRounds "7"]
[EventCountry "NZL"]
[SourceDate "2012.09.09"]

1. e4 c5 2. Nc3 a6 3. f4 e6 4. Nf3 Ne7 5. g3 g6 6. e5 Bg7 7. Ne4 O-O 8. Nxc5 d6
9. Ne4 dxe5 10. fxe5 Nbc6 11. d4 f6 12. exf6 Bxf6 13. Nxf6+ Rxf6 14. Bg2 Rf8
15. O-O Bd7 16. Bg5 Rc8 17. c3 Qc7 18. Nd2 Rxf1+ 19. Qxf1 Rf8 20. Qc4 Qc8 21.
Ne4 b5 22. Qc5 Nd5 23. Bh6 Re8 24. Nd6 Qd8 25. Bxd5 exd5 26. Nxe8 Qxe8 27. Rf1
Ne7 28. Rf8+ Qxf8 29. Bxf8 Kxf8 30. Qd6 Bc8 31. Qf6+ Ke8 32. Qh8+ Kd7 33. Qxh7
Ke6 34. g4 Kf6 35. Qh4+ Kf7 36. h3 Ke8 37. Qf6 Kd8 38. Qd6+ Ke8 39. b3 Kf8 40.
a4 bxa4 41. bxa4 Ke8 42. a5 Kf7 43. h4 Bxg4 44. Qxa6 Bf3 45. Qb7 Be2 46. a6
Bxa6 47. Qxa6 Nf5 48. Qb7+ Ke6 49. Qc6+ Nd6 50. Kg2 Ke7 51. Qxd5 Nf5 52. Qxf5
gxf5 53. c4 Kd6 54. Kf3 Ke6 55. Kf4 Kf6 56. d5 Ke7 57. c5 Kf6 58. h5 Kg7 59. c6
Kf6 60. c7 Kg7 61. c8=Q Kh6 62. Qh8# 1-0

[Event "New Zealand Junior Chp"]
[Site "Waitakere"]
[Date "2012.07.04"]
[Round "3.3"]
[White "Jia, Hao"]
[Black "Rains, Edward"]
[Result "1/2-1/2"]
[WhiteElo "1762"]
[BlackElo "1895"]
[PlyCount "125"]
[EventDate "2012.07.06"]
[EventType "swiss"]
[EventRounds "7"]
[EventCountry "NZL"]
[SourceDate "2012.09.09"]

1. e4 c5 2. Nf3 g6 3. d4 cxd4 4. Nxd4 Bg7 5. c3 Nc6 6. Nxc6 bxc6 7. Be3 Nf6 8.
Nd2 O-O 9. Bd3 d6 10. f3 Bd7 11. O-O a5 12. Nc4 c5 13. Qc2 Bb5 14. Rfd1 Nd7 15.
b3 Qc7 16. Rab1 Rfb8 17. Bf1 a4 18. Nd2 axb3 19. axb3 Ne5 20. Ra1 Bxf1 21. Rxf1
Nc6 22. Rfb1 Nb4 23. Qb2 Qb7 24. Nc4 Nd3 25. Qd2 Ne5 26. Nxe5 Bxe5 27. Rxa8
Rxa8 28. b4 Ra3 29. b5 Rxc3 30. Qd5 Qxd5 31. exd5 Rxe3 32. b6 Bd4 33. Kf1 c4
34. b7 Ba7 35. Ra1 Bb8 36. Ra8 Rb3 37. Rxb8+ Kg7 38. Ke2 Rb2+ 39. Ke3 c3 40.
Kd3 c2 41. Kd2 Kf6 42. Kc1 Rb5 43. f4 h5 44. h3 Kf5 45. g3 Ke4 46. Kxc2 Kxd5
47. g4 hxg4 48. hxg4 Ke4 49. Rf8 Rxb7 50. Rxf7 Kf3 51. f5 gxf5 52. gxf5 Rb5 53.
Rxe7 Rxf5 54. Kd3 Re5 55. Rf7+ Kg4 56. Kd4 Re1 57. Kd5 Rd1+ 58. Ke4 Kg3 59.
Rf3+ Kg4 60. Rf4+ Kg5 61. Rf5+ Kg6 62. Rd5 Re1+ 63. Kf4 {
and the draw was agreed after a few more unintelligible moves,} 1/2-1/2

[Event "New Zealand Junior Chp"]
[Site "Waitakere"]
[Date "2012.07.04"]
[Round "3.4"]
[White "Tsoi, Nicole"]
[Black "Fan, Allen"]
[Result "1-0"]
[WhiteElo "1934"]
[BlackElo "1429"]
[PlyCount "165"]
[EventDate "2012.07.06"]
[EventType "swiss"]
[EventRounds "7"]
[EventCountry "NZL"]
[SourceDate "2012.09.09"]

1. d4 d5 2. Bf4 Nf6 3. e3 Nc6 4. Nf3 Bg4 5. Be2 e6 6. Nbd2 Be7 7. Ne5 Nxe5 8.
dxe5 Bxe2 9. Qxe2 Nd7 10. Qg4 g6 11. h3 h5 12. Qe2 c5 13. c3 Qb6 14. Nf3 Qc7
15. h4 Bf8 16. e4 Nb6 17. O-O Bg7 18. Bg5 O-O 19. exd5 Nxd5 20. c4 Ne7 21. Rfd1
Nf5 22. Rd2 Bh6 23. Qe4 Bxg5 24. Nxg5 Nd4 25. g4 hxg4 26. Re1 Rad8 27. Qxg4 Kg7
28. h5 Rh8 29. hxg6 Qc6 30. Re4 fxg6 31. Rdxd4 cxd4 32. Nxe6+ Kf7 33. Nxd8+
Rxd8 34. Rxd4 Rh8 35. Qd7+ Qxd7 36. Rxd7+ Ke6 37. Rxb7 Kxe5 38. Rxa7 Rc8 39. b3
Kd4 40. Kg2 Kc5 41. Kg3 Kb4 42. Kg4 Rc5 43. Rb7+ Ka3 44. Rb5 Rc6 45. Ra5+ Kb4
46. Ra4+ Kc5 47. Kg5 Kd4 48. f4 Ke3 49. Ra5 Kd4 50. f5 gxf5 51. Kxf5 Rb6 52.
Rb5 Rc6 53. Ra5 Kc3 54. Ke5 Kb4 55. Kd5 Rh6 56. Ra8 Rh5+ 57. Kd6 Rh6+ 58. Ke7
Rh7+ 59. Kf6 Rh6+ 60. Kg5 Rb6 61. Kf5 Rb7 62. Ke5 Rh7 63. Ra4+ Kc5 64. Ra5+ Kb4
65. Rb5+ Ka3 66. Kd6 Kxa2 67. c5 Rh6+ 68. Kc7 Rh5 69. Kb6 Kb2 70. c6 Rh6 71.
Kb7 Kc3 72. c7 Rh7 73. Kb8 Rh8+ 74. c8=Q+ Rxc8+ 75. Kxc8 Kd4 76. Kc7 Kc3 77. b4
Kc4 78. Rb8 Kd5 79. b5 Kc5 80. b6 Kb5 81. Ra8 Kc5 82. b7 Kd5 83. b8=Q 1-0